Statistics for 10 Most Populated US Cities In US States Beginning with 'M'

Click here to take the quiz!

General Stats

  • This quiz has been taken 26 times
  • The average score is 7 of 10

Answer Stats

PopAnswer% Correct
576498Baltimore
88%
654776Boston
88%
632545Detroit
88%
425336Minneapolis
88%
307193St Paul
79%
293310St Louis
75%
508394Kansas City
67%
197416Grand Rapids
58%
169724Springfield
54%
205918Worcester
50%

Score Distribution

Percentile by Number Answered

Percent of People with Each Score

Your Score History

You have not taken this quiz